[Event "GER-ch U25-C"]
[Site "Willingen"]
[Date "2018.05.20"]
[Round "1"]
[White "Altgelt, Helene"]
[Black "Basovskiy, Michael"]
[Result "1-0"]
[WhiteElo "1167"]
[BlackElo "937"]
[PlyCount "57"]
[EventDate "2018.05.19"]
[EventType "swiss"]
[EventRounds "9"]
[EventCountry "GER"]
[SourceTitle "CBM 184 Extra"]
[Source "ChessBase"]
[SourceDate "2018.06.28"]
[SourceVersion "1"]
[SourceVersionDate "2018.06.28"]
[SourceQuality "1"]

1. e4 c5 2. Nf3 e6 3. d4 cxd4 4. Nxd4 Nf6 5. Nc3 Nc6 6. a3 Bc5 7. Be3 Qb6 8. Ndb5 0-0 9. Bxc5 Qxc5 10. Be2 a6 11. Nd6 b5 12. 0-0 Rb8 13. Re1 Bb7 14. Bf3 Ne5 15. Re3 Nxf3+ 16. Rxf3 Qg5 17. Rg3 Qe5 18. Qd3 Nh5 19. Rf3 Nf4 20. Qd2 Ng6 21. Rd1 h6 22. h3 Bc6 23. b3 Rfd8 24. Nxf7 Qc7 25. Nxd8 Rxd8 26. Rg3 Kh7 27. Qd3 Qb6 28. e5 Rf8 29. Qxg6+ 1-0

[Event "GER-ch U25-C"]
[Site "Willingen"]
[Date "2018.05.20"]
[Round "2"]
[White "Kail, Oliver"]
[Black "Altgelt, Helene"]
[Result "0-1"]
[WhiteElo "1362"]
[BlackElo "1167"]
[PlyCount "120"]
[EventDate "2018.05.19"]
[EventType "swiss"]
[EventRounds "9"]
[EventCountry "GER"]
[SourceTitle "CBM 184 Extra"]
[Source "ChessBase"]
[SourceDate "2018.06.28"]
[SourceVersion "1"]
[SourceVersionDate "2018.06.28"]
[SourceQuality "1"]

1. e4 c6 2. d4 d5 3. Nc3 dxe4 4. Nxe4 Bf5 5. Nc3 e6 6. Nf3 Nf6 7. Bg5 Bd6 8. Bd3 Bg6 9. 0-0 Nbd7 10. Re1 Qb6 11. b3 Bxd3 12. Qxd3 0-0 13. a3 Rfe8 14. Ne4 Nxe4 15. Qxe4 h6 16. Bf4 Nf6 17. Qe3 Nd5 18. Qe4 Nxf4 19. c4 Qxb3 20. c5 Bc7 21. Ne5 Bxe5 22. Qxe5 Ng6 23. Qc7 Re7 24. Qd6 Qd5 25. Qxd5 exd5 26. Reb1 Rae8 27. g3 Re4 28. Rb4 Re1+ 29. Rxe1 Rxe1+ 30. Kg2 Rd1 31. Rxb7 Rxd4 32. Rxa7 Rc4 33. a4 Ne5 34. a5 Ra4 35. f4 Nd3 36. Kf3 Nxc5 37. Ke3 Kh7 38. Rc7 Rxa5 39. Rxc6 g5 40. Kd4 Ne6+ 41. Ke5 d4+ 42. Kf6 Rd5 43. fxg5 hxg5 44. Rc1 g4 45. Kxf7 Ng5+ 46. Kf6 Kh6 47. h4 gxh3 48. Rd1 d3 49. Rf1 h2 50. Rh1 Ne4+ 51. Ke6 Nxg3 52. Rxh2+ Rh5 53. Rd2 Ne4 54. Rd1 d2 55. Kf7 Rh2 56. Ke6 Nc3 57. Rxd2 Rxd2 58. Ke5 Kg6 59. Ke6 Re2+ 60. Kd6 Kf7 0-1

[Event "Regionalliga West 1718 (Women)"]
[Site "Germany"]
[Date "2018.02.18"]
[Round "5.2"]
[White "Altgelt, Helene"]
[Black "Wastian, Mareike"]
[Result "0-1"]
[WhiteElo "1215"]
[BlackElo "1721"]
[PlyCount "70"]
[EventDate "2017.10.15"]
[EventType "team-tourn"]
[EventRounds "5"]
[EventCountry "GER"]
[SourceTitle "CBM 183 Extra"]
[Source "ChessBase"]
[SourceDate "2018.04.19"]
[SourceVersion "1"]
[SourceVersionDate "2018.04.19"]
[SourceQuality "1"]
[WhiteTeam "Muenster (W) II"]
[BlackTeam "Dortmund (W)"]
[WhiteTeamCountry "GER"]
[BlackTeamCountry "GER"]

1. e4 d5 2. exd5 Nf6 3. Nf3 Bg4 4. Be2 Qxd5 5. Nc3 Qf5 6. h3 Bxf3 7. Bxf3 c6 8. 0-0 e6 9. d3 Bd6 10. Re1 0-0 11. b3 Nbd7 12. Ne4 Bc7 13. Bb2 Rfd8 14. Qd2 h6 15. Rad1 Ne5 16. Nxf6+ Qxf6 17. Bxe5 Bxe5 18. Qe3 Bc3 19. Re2 a6 20. a3 Rd7 21. b4 Rad8 22. Rb1 Bb2 23. a4 Qc3 24. Qd2 Qa3 25. Re4 Qxa4 26. c3 Ba3 27. Be2 a5 28. Qe3 Qc2 29. Ra1 Qxc3 30. Rb1 Bxb4 31. Re5 Rd5 32. Rxd5 Rxd5 33. Rc1 Qb2 34. Rd1 Re5 35. Qf3 Rxe2 0-1

[Event "BL2 West 1718 (Women)"]
[Site "Germany"]
[Date "2018.01.27"]
[Round "4.6"]
[White "Walow, Xenia"]
[Black "Altgelt, Helene"]
[Result "1-0"]
[WhiteElo "1717"]
[BlackElo "1215"]
[PlyCount "67"]
[EventDate "2017.10.14"]
[EventType "team-tourn"]
[EventRounds "7"]
[EventCountry "GER"]
[SourceTitle "EXT 2019"]
[Source "ChessBase"]
[SourceDate "2018.10.10"]
[SourceVersion "1"]
[SourceVersionDate "2018.10.10"]
[SourceQuality "1"]
[WhiteTeam "Paderborn Blauer Springer (W)"]
[BlackTeam "Muenster SK (W)"]
[WhiteTeamCountry "GER"]
[BlackTeamCountry "GER"]

1. d4 d5 2. Bf4 Nf6 3. e3 Bf5 4. c4 e6 5. Qb3 b6 6. Nc3 Be7 7. Nb5 Bd6 8. Nxd6+ cxd6 9. cxd5 Nxd5 10. Bb5+ Ke7 11. Bg3 a6 12. Bc4 Nf6 13. Nf3 Re8 14. Bh4 Kf8 15. Bxf6 gxf6 16. Bd3 Bg6 17. h4 Nc6 18. g4 a5 19. Bxg6 fxg6 20. g5 Ra7 21. Rh3 f5 22. h5 Rg7 23. a3 Rg8 24. d5 exd5 25. Qxd5 Ne7 26. Qd4 Nc6 27. Qc3 Na7 28. Rd1 f4 29. Qd4 Nc8 30. Qxf4+ Ke7 31. Qf6+ Kd7 32. Qf7+ Qe7 33. Ne5+ Kd8 34. Nc6+ 1-0

[Event "GER-ch U25-B"]
[Site "Willingen"]
[Date "2017.06.10"]
[Round "9"]
[White "Altgelt, Helene"]
[Black "Kiefhaber, Julius"]
[Result "1/2-1/2"]
[WhiteElo "985"]
[BlackElo "1187"]
[PlyCount "44"]
[EventDate "2017.06.04"]
[EventType "swiss"]
[EventRounds "9"]
[EventCountry "GER"]
[SourceTitle "CBM 178 Extra"]
[Source "ChessBase"]
[SourceDate "2017.06.22"]
[SourceVersion "1"]
[SourceVersionDate "2017.06.22"]
[SourceQuality "1"]

1. e4 c5 2. Nf3 g6 3. d4 cxd4 4. Nxd4 Bg7 5. Be3 Nf6 6. Nc3 0-0 7. Bc4 Nc6 8. f3 d6 9. Qd2 Re8 10. g4 e5 11. Nxc6 bxc6 12. h4 Be6 13. Bxe6 fxe6 14. Bh6 Bh8 15. h5 Re7 16. hxg6 hxg6 17. Qg5 Qe8 18. 0-0-0 Rd8 19. Rd2 Rdd7 20. Rdh2 Nh7 21. Qh4 Bf6 22. Qh3 a6 1/2-1/2

[Event "GER-ch U25-B"]
[Site "Willingen"]
[Date "2017.06.05"]
[Round "3"]
[White "Altgelt, Helene"]
[Black "Lorenz, Anouk"]
[Result "1/2-1/2"]
[WhiteElo "985"]
[BlackElo "1210"]
[PlyCount "45"]
[EventDate "2017.06.04"]
[EventType "swiss"]
[EventRounds "9"]
[EventCountry "GER"]
[SourceTitle "CBM 178 Extra"]
[Source "ChessBase"]
[SourceDate "2017.06.22"]
[SourceVersion "1"]
[SourceVersionDate "2017.06.22"]
[SourceQuality "1"]

1. e4 c5 2. Nf3 g6 3. c3 Bg7 4. d4 cxd4 5. cxd4 d6 6. Nc3 Nc6 7. Bb5 Bd7 8. 0-0 a6 9. Ba4 b5 10. Bb3 e5 11. d5 Nd4 12. Nxd4 exd4 13. Ne2 Qb6 14. Bf4 Ne7 15. Rc1 0-0 16. Qd3 b4 17. Rfd1 Bb5 18. Bc4 Bxc4 19. Qxc4 Rac8 20. Qd3 Rxc1 21. Rxc1 h6 22. Rc4 Rc8 23. Rxc8+ 1/2-1/2

[Event "GER-ch U25-B"]
[Site "Willingen"]
[Date "2017.06.04"]
[Round "2"]
[White "Reichel, Sara"]
[Black "Altgelt, Helene"]
[Result "0-1"]
[WhiteElo "1154"]
[BlackElo "985"]
[PlyCount "32"]
[EventDate "2017.06.04"]
[EventType "swiss"]
[EventRounds "9"]
[EventCountry "GER"]
[SourceTitle "CBM 178 Extra"]
[Source "ChessBase"]
[SourceDate "2017.06.22"]
[SourceVersion "1"]
[SourceVersionDate "2017.06.22"]
[SourceQuality "1"]

1. e4 d5 2. exd5 Nf6 3. Nc3 Nxd5 4. d4 Nc6 5. Bc4 e6 6. Nf3 Bb4 7. Bd2 0-0 8. Qe2 Re8 9. a3 Ba5 10. 0-0 Bb6 11. Qd3 Qd6 12. Rfe1 Bd7 13. Ng5 Nf6 14. d5 Ne5 15. Qe2 exd5 16. Bd3 Neg4 0-1

[Event "GER-ch U25-B"]
[Site "Willingen"]
[Date "2016.05.15"]
[Round "1"]
[White "Schiewe, Nadine"]
[Black "Altgelt, Helene"]
[Result "1-0"]
[WhiteElo "1272"]
[BlackElo "817"]
[PlyCount "95"]
[EventDate "2016.05.15"]
[EventType "swiss"]
[EventRounds "9"]
[EventCountry "GER"]
[SourceTitle "CBM 172 Extra"]
[Source "ChessBase"]
[SourceDate "2016.06.21"]
[SourceVersion "1"]
[SourceVersionDate "2016.06.21"]
[SourceQuality "1"]

1. d4 d5 2. Nf3 Nc6 3. e3 Bf5 4. c3 e6 5. Bd3 Bd6 6. Bxf5 exf5 7. Qd3 Qd7 8. Nbd2 Nf6 9. 0-0 0-0 10. a3 Rfe8 11. c4 Ne4 12. cxd5 Ne7 13. Nxe4 fxe4 14. Qxe4 Ng6 15. Qd3 Re7 16. e4 Bf4 17. Re1 Rae8 18. b4 a6 19. Qc2 Qg4 20. h3 Qd7 21. Nh4 Bxc1 22. Nxg6 hxg6 23. Raxc1 b6 24. f3 a5 25. Qc6 axb4 26. Qxd7 Rxd7 27. axb4 Rde7 28. Rc6 Kh7 29. d6 cxd6 30. Rxd6 b5 31. Rb6 f5 32. e5 Rd7 33. Rxb5 Rxd4 34. Kf2 Rd7 35. f4 Kg8 36. Rc1 Rd2+ 37. Kg1 Kf7 38. Rc7+ Re7 39. Rxe7+ Kxe7 40. Rb7+ Rd7 41. Rxd7+ Kxd7 42. Kf2 Kc6 43. Ke3 Kb5 44. Kd4 Kxb4 45. e6 Kb5 46. e7 Kb4 47. e8Q Kb3 48. Qc6 1-0